Almost Baltic Countries - Statistics

General Stats
  • This quiz has been taken 72 times
  • The average score is 13 of 17
Answer Stats
Answer % Correct
Austria
94%
Slovakia
94%
Ukraine
94%
Czech Republic
92%
Belarus
91%
France
86%
Belgium
84%
Luxembourg
84%
Netherlands
84%
Switzerland
84%
Kazakhstan
73%
Norway
72%
Georgia
67%
China
63%
Mongolia
63%
Azerbaijan
61%
North Korea
59%
No matching quizzes found
Score Distribution
Percent of People with Each Score
Percentile by Number Answered
Your Score History
You have not taken this quiz